| 000 | 00999nam a2200241Ia 4500 | ||
|---|---|---|---|
| 003 | IN-BaIIA | ||
| 008 | 211028s9999 xx 000 0 eng d | ||
| 020 | _a3-540-51297-7 | ||
| 040 | _cIIA Library | ||
| 080 |
_a524.575(082.2) _bTHE |
||
| 100 |
_aWinnewisser, G. _916570 |
||
| 245 | 4 |
_aThe physics and chemistry of interstellar molecular clouds _bproceedings of symposium on the physics and chemistry of interstellar molecular clouds, mm and sub-mm observations in astrophysics, held in Zermatt, Swizterland, Europe, 22-25, September 1988 _cG. Winnewisser and J. A . Armstrong |
|
| 260 |
_aBerlin _bSpringer-Verlag _c1989 |
||
| 300 | _axviii, 463p. | ||
| 490 | _aLecture notes in physics; v. 331 | ||
| 650 | _aAstronomy and astrophysics thesaurus | ||
| 650 |
_aCosmochemistry _91212 |
||
| 650 |
_aGalaxies _91286 |
||
| 650 |
_aInterstellar clouds _915931 |
||
| 650 |
_aMolecular clouds _911776 |
||
| 700 |
_aArmstrong, J. A . _916571 |
||
| 942 | _cBK | ||
| 999 |
_c9788 _d9788 |
||